<?xml version="1.0" encoding="UTF-8"?>
<record
    xmlns:xsi="http://www.w3.org/2001/XMLSchema-instance"
    xsi:schemaLocation="http://www.loc.gov/MARC21/slim http://www.loc.gov/standards/marcxml/schema/MARC21slim.xsd"
    xmlns="http://www.loc.gov/MARC21/slim">

  <leader>01042na  a2200253   4500</leader>
  <controlfield tag="001">16657</controlfield>
  <controlfield tag="003">MIRAKIL</controlfield>
  <controlfield tag="005">20181213154939.0</controlfield>
  <controlfield tag="008">161229b        tu            000 0      </controlfield>
  <datafield tag="040" ind1=" " ind2=" ">
    <subfield code="a">Milas</subfield>
    <subfield code="b">tur</subfield>
    <subfield code="c">TR-AnCHP</subfield>
  </datafield>
  <datafield tag="041" ind1=" " ind2=" ">
    <subfield code="a">tur</subfield>
  </datafield>
  <datafield tag="082" ind1=" " ind2=" ">
    <subfield code="a">327.56104</subfield>
    <subfield code="b">T96  2001</subfield>
  </datafield>
  <datafield tag="090" ind1=" " ind2=" ">
    <subfield code="a">327.56104 T96  2001</subfield>
  </datafield>
  <datafield tag="245" ind1=" " ind2=" ">
    <subfield code="a">T&#xFC;rkiye Avrupa Birli&#x11F;i'nin neresinde ?</subfield>
    <subfield code="b">Avrupa Birli&#x11F;i'ne &#xFC;ye &#xFC;lkeler ve aday &#xFC;lkeler ile T&#xFC;rkiye'nin siyasal, ekonomik ve sosyal g&#xF6;stergeler ve kriterler a&#xE7;&#x131;s&#x131;ndan kar&#x15F;&#x131;la&#x15F;t&#x131;r&#x131;lmas&#x131;</subfield>
    <subfield code="c">Co&#x15F;kun Can Aktan</subfield>
  </datafield>
  <datafield tag="246" ind1=" " ind2=" ">
    <subfield code="a">Avrupa Birli&#x11F;i'ne &#xFC;ye &#xFC;lkeler ve aday &#xFC;lkeler ile T&#xFC;rkiye'nin siyasal, ekonomik ve sosyal g&#xF6;stergeler ve kriterler a&#xE7;&#x131;s&#x131;ndan kar&#x15F;&#x131;la&#x15F;t&#x131;r&#x131;lmas&#x131;</subfield>
  </datafield>
  <datafield tag="260" ind1=" " ind2=" ">
    <subfield code="a">&#x130;zmir</subfield>
    <subfield code="b">EG&#x130;AD</subfield>
    <subfield code="c">2000</subfield>
  </datafield>
  <datafield tag="300" ind1=" " ind2=" ">
    <subfield code="a">145 s.</subfield>
    <subfield code="b">grf. ; tbl.</subfield>
    <subfield code="c">21x30 sm.</subfield>
  </datafield>
  <datafield tag="504" ind1=" " ind2=" ">
    <subfield code="a">Kaynak&#xE7;a var.</subfield>
  </datafield>
  <datafield tag="610" ind1=" " ind2=" ">
    <subfield code="a">Avrupa Birli&#x11F;i</subfield>
    <subfield code="x">Raporlar</subfield>
  </datafield>
  <datafield tag="651" ind1=" " ind2=" ">
    <subfield code="a">T&#xFC;rkiye</subfield>
    <subfield code="x">AB uyum s&#xFC;reci</subfield>
    <subfield code="y">Raporlar</subfield>
  </datafield>
  <datafield tag="651" ind1=" " ind2=" ">
    <subfield code="a">T&#xFC;rkiye</subfield>
    <subfield code="x">Uluslararas&#x131; ekonomik ili&#x15F;kiler</subfield>
  </datafield>
  <datafield tag="700" ind1=" " ind2=" ">
    <subfield code="a">Aktan, Co&#x15F;kun Can </subfield>
  </datafield>
  <datafield tag="942" ind1=" " ind2=" ">
    <subfield code="2">dcc</subfield>
    <subfield code="c">BKS</subfield>
  </datafield>
  <datafield tag="952" ind1=" " ind2=" ">
    <subfield code="a">0001</subfield>
    <subfield code="b">0001</subfield>
    <subfield code="d">2016-10-09</subfield>
    <subfield code="e">2</subfield>
    <subfield code="l">0</subfield>
    <subfield code="o">327.56104 T96  2001</subfield>
    <subfield code="p">006808</subfield>
    <subfield code="r">2016-10-09 00:00:00</subfield>
    <subfield code="v">0.00</subfield>
    <subfield code="w">2016-10-09</subfield>
    <subfield code="y">BKS</subfield>
  </datafield>
  <datafield tag="952" ind1=" " ind2=" ">
    <subfield code="a">0001</subfield>
    <subfield code="b">0001</subfield>
    <subfield code="d">2016-12-29</subfield>
    <subfield code="e">2</subfield>
    <subfield code="l">0</subfield>
    <subfield code="o">327.56104 T96  2001</subfield>
    <subfield code="p">010375</subfield>
    <subfield code="r">2016-12-29 00:00:00</subfield>
    <subfield code="t">k.2</subfield>
    <subfield code="v">0.00</subfield>
    <subfield code="w">2016-12-29</subfield>
    <subfield code="y">BKS</subfield>
  </datafield>
  <datafield tag="999" ind1=" " ind2=" ">
    <subfield code="c">3672</subfield>
    <subfield code="d">3672</subfield>
  </datafield>
</record>
